Mistake [ An Under Drama] (Record no. 8852)

MARC details
000 -LEADER
fixed length control field 00407nam a2200133Ia 4500
008 - FIXED-LENGTH DATA ELEMENTS--GENERAL INFORMATION
fixed length control field 211109s9999||||xx |||||||||||||| ||und||
082 ## - DEWEY DECIMAL CLASSIFICATION NUMBER
Classification number 829.9
Item number DWA-M
100 ## - MAIN ENTRY--PERSONAL NAME
Personal name Dwadatha, Sarma
245 #0 - TITLE STATEMENT
Title Mistake [ An Under Drama]
260 ## - PUBLICATION, DISTRIBUTION, ETC.
Name of publisher, distributor, etc. NATIONAL BOOKSTALL
Place of publication, distribution, etc. Kottayam
Date of publication, distribution, etc. 1930
630 ## - SUBJECT ADDED ENTRY--UNIFORM TITLE
General subdivision General Stack
650 ## - SUBJECT ADDED ENTRY--TOPICAL TERM
Topical term or geographic name entry element Literature and rhetoric
942 ## - ADDED ENTRY ELEMENTS (KOHA)
Koha item type BOOK
650 ## - SUBJECT ADDED ENTRY--TOPICAL TERM
Form subdivision English & old english literatureOld english
General subdivision Generalia
Holdings
Withdrawn status Lost status Damaged status Not for loan Home library Current library Date acquired Cost, normal purchase price Total Checkouts Full call number Barcode Shelving location Date last seen Price effective from Koha item type
        SB LIBRARY SB LIBRARY 09/11/2021 20.00   829.9 DWA-M 00009373 GENERAL STACK 09/11/2021 09/11/2021 BOOK

Powered by Koha